00669nam a2200193 a 450000100100000000500170001000800410002702000180006804000250008608200150011110000280012624500890015426000570024330000210030049000240032150000740034550400320041983000240045100004594720201002052535.0150603s2015 pr 000 0 spa d a9789945581393 aDO-SdBNPbspacBNPHU axxxxbxxxx1 aRivera, Marilyn,d1973-10aMasculinidades y transgresiones en la obra de Mayra Santos Febres /cMarilyn Rivera. aSan Juan, Puerto Rico :bIsla Negra Editores,c2015. a219 p. :b22 cm.1 aVisiones y cegueras aIncluye datos biográficos de la autora en la solapa de la cobierta. aBibliografía : p. 209-219 0aVisiones y cegueras